Регионална библиотека "Любен Каравелов" - Русе

Дядо Стати Попов : спомени от живота и дейността му преди Освобождението (Запис номер 449485)

MARC детайли
000 -Лидер
Контролно поле с фиксирана дължина 01434nam a2200325 a 4500
003 - Код на организацията, давaща контролен номер
Контролно поле BLK
005 - Дата и час на последна редакция
Контролно поле 20240223160857.0
008 - Елементи от данни с фиксирана дължина
fixed length control field 220317b bu |||||r|||| 00| | bu d
020 ## - Международен стандартен номер на книга ISBN
Международен стандартен номер на книга ISBN 9789540915944
040 ## - Източник на каталожния запис
Идентификатор на билиотеката - собственик на записа BLK
041 ## - Код за език
Код за езика на текст/звукозапис или на отделно заглавие Български
Код за езика КДБФ Български
080 ## - УДК
Текстов определител УДК Българска литература
УДК код - определител по УДК 821.163.2
УДК определител -94
УДК - код + определител 821.163.2-94
080 ## - УДК
Текстов определител УДК Български поборник и опълченец - Дядо Стати Попов
УДК код - определител по УДК 929 Попов, Стати
УДК - код + определител 929 Попов, Стати
100 ## - Редна дума - Автор
R(LIN) 365750
Автор Маринов, Марин
Авторска отговорност първи автор
139 ## - Редно поле
Редна дума Маринов, Марин
Авторски знак Попов - П 76
245 ## - Сведения за заглавието
Заглавие Дядо Стати Попов : спомени от живота и дейността му преди Освобождението
Редно поле (дума) Марин Маринов
260 ## - Област на издателските данни
9 (RLIN) 209473
Място на издаване, разпространение и проч. София
Име на издателя, разпространителя и проч. Захарий Стоянов
Година на издаване 2022
300 ## - Физическа характеристика
Страници 287 с.
Илюстрации и др. с ил., портр.
Размери/Мащаб 21 см
380 ## - Жанр
Жанр Худож. лит.
500 ## - Общи забележки
Забележка Пълната форма на името на състав. Марин Маринов е Марин Маринов Панайотов
852 ## - Местоположение
Форматна сигнатура Цб 311877
Фондова буква Хранилище
852 ## - Местоположение
Форматна сигнатура 821.163.2-94/П 76 С
Фондова буква Заемна - подръчен фонд
852 ## - Местоположение
Фондова буква Краезнание
Систематично-азбучна сигнатура К 821.163.2/П 76 С
999 ## - СИСТЕМНИ КОНТРОЛНИ НОМЕРА
Koha biblionumber 449485
Koha biblioitemnumber 449485
942 ## - АРТИКУЛИ
Вид на библиотечния материал Книги
Скрит в OPAC Не
Периодичен библиозапис Да
Koha issues (borrowed), all copies 10
944 ## - СЪЗДАВАНЕ И РЕДАКЦИЯ на ЗАПИСА
Създаване/Редакция Създаване
Дата на регистрацията/редакция 2022-03-17
Служител, извършил регистрацията/редакцията 30531
Статус, дата на статуса Цветелина Шанова
944 ## - СЪЗДАВАНЕ И РЕДАКЦИЯ на ЗАПИСА
Създаване/Редакция Редакция
Дата на регистрацията/редакция 2022-04-05
Служител, извършил регистрацията/редакцията ВП
944 ## - СЪЗДАВАНЕ И РЕДАКЦИЯ на ЗАПИСА
Създаване/Редакция Редакция
Дата на регистрацията/редакция 2022-04-06
Служител, извършил регистрацията/редакцията Кети
999 ## - СИСТЕМНИ КОНТРОЛНИ НОМЕРА
Koha biblioitemnumber 449485
999 ## - СИСТЕМНИ КОНТРОЛНИ НОМЕРА
Koha biblioitemnumber 449485
Наличности
Код за отписване Код за изгубен артикул Източник на класификационната схема Код за повреда Коз за рестрикции Код за отдаване Артикулен № Име на библиотеката - собственик Име на библиотеката, в която се намира в момента Статус (Текущо местоположение) Дата на вписване в системата Местоположение - отдел Цена в лева Систематично азбучна сигнатура Баркод Цена в евро Служебен тип на артикула
  Не е изгубен Universal Decimal Classification Не е повреден само за читалня ползва се в читалня 877856 Регионална библиотека "Любен Каравелов" Русе Регионална библиотека "Любен Каравелов" Русе Хранилище 2022-03-21 Хранилище 10.00 Цб 311877 120000870015 5.11 Книги
  Не е изгубен Universal Decimal Classification Не е повреден без рестрикции заемане за дома 880629 Регионална библиотека "Любен Каравелов" Русе Регионална библиотека "Любен Каравелов" Русе Заемна - подръчен фонд 2022-04-07 Заемна - подръчен фонд 10.49 821.163.2-94/П 76 С 120000870782 5.36 Книги
  Не е изгубен Universal Decimal Classification Не е повреден само за читалня ползва се в читалня 880630 Регионална библиотека "Любен Каравелов" Русе Регионална библиотека "Любен Каравелов" Русе Краезнание 2022-04-07 Краезнание 10.49 821.163.2/П 76 С 120000870780 5.36 Книги
  Не е изгубен Universal Decimal Classification Не е повреден без рестрикции заемане за дома 880631 Регионална библиотека "Любен Каравелов" Русе Регионална библиотека "Любен Каравелов" Русе Заемна - подръчен фонд 2022-04-07 Заемна - подръчен фонд 10.49 821.163.2-94/П 76 С 120000870781 5.36 Книги
Vip Innovations Ltd, Rousse, Bulgaria 2025